[Event "Regionalliga SW 0910"]
[Site "Bayern"]
[Date "2010.02.28"]
[Round "7.7"]
[White "Birnbaum, Karsten"]
[Black "Epple, Ulrich"]
[Result "1/2-1/2"]
[WhiteElo "1917"]
[BlackElo "1956"]
[PlyCount "85"]
[EventDate "2009.10.18"]
[EventType "team-tourn"]
[EventRounds "9"]
[EventCountry "GER"]
[SourceTitle "EXT 2011"]
[Source "ChessBase"]
[SourceDate "2010.11.26"]
[SourceVersion "1"]
[SourceVersionDate "2010.11.26"]
[SourceQuality "1"]
[WhiteTeam "Klosterlechfeld"]
[BlackTeam "Tuerkheim/Bad Woerishofen"]
[WhiteTeamCountry "GER"]
[BlackTeamCountry "GER"]

1. d4 Nf6 2. Nf3 g6 3. c4 Bg7 4. Nc3 0-0 5. e4 d6 6. h3 e5 7. dxe5 dxe5 8. Be3 Nbd7 9. Be2 c6 10. Qc2 Qe7 11. 0-0 Nh5 12. Rad1 Nf4 13. Rd2 h5 14. Rfd1 g5 15. g3 Nxh3+ 16. Kg2 Nc5 17. b4 Ne6 18. Rh1 g4 19. Nh4 Nd4 20. Qb1 f5 21. exf5 Bxf5 22. Bd3 Bxd3 23. Qxd3 Qf6 24. Ne4 Qe6 25. Nc5 Qf7 26. Ne4 Rad8 27. Ng5 Nxg5 28. Bxg5 Rde8 29. Qe4 Re6 30. Rhd1 Bf6 31. Bh6 Bxh4 32. Bxf8 Bg5 33. Bc5 Bxd2 34. Rxd2 Qf3+ 35. Qxf3 gxf3+ 36. Kh3 b6 37. Bxd4 exd4 38. Rxd4 Re2 39. g4 Rxf2 40. gxh5 Rxa2 41. Kg3 f2 42. Kg2 Rc2 43. b5 1/2-1/2

[Event "Regionalliga SW 0910"]
[Site "Bayern"]
[Date "2009.11.15"]
[Round "2.7"]
[White "Demir, Bilal"]
[Black "Epple, Ulrich"]
[Result "1-0"]
[WhiteElo "2095"]
[BlackElo "1956"]
[PlyCount "93"]
[EventDate "2009.10.18"]
[EventType "team-tourn"]
[EventRounds "9"]
[EventCountry "GER"]
[SourceTitle "EXT 2011"]
[Source "ChessBase"]
[SourceDate "2010.11.26"]
[SourceVersion "1"]
[SourceVersionDate "2010.11.26"]
[SourceQuality "1"]
[WhiteTeam "Unterhaching"]
[BlackTeam "Tuerkheim/Bad Woerishofen"]
[WhiteTeamCountry "GER"]
[BlackTeamCountry "GER"]

1. e4 c5 2. c3 d5 3. exd5 Qxd5 4. d4 Nc6 5. Nf3 Bg4 6. dxc5 Qxd1+ 7. Kxd1 e5 8. b4 e4 9. h3 Bxf3+ 10. gxf3 exf3 11. Bf4 Nf6 12. Bd3 Rd8 13. Kc2 Nd5 14. Re1+ Be7 15. Bd2 f6 16. a3 Ne5 17. Bf1 Kf7 18. c4 Nc7 19. Nc3 Rd4 20. Be3 Rh4 21. Nd5 Ne6 22. Kc3 g5 23. Rad1 h5 24. Bd4 Nxd4 25. Rxd4 Rxd4 26. Kxd4 g4 27. Nf4 Bf8 28. Ke4 Bh6 29. Rd1 Bxf4 30. Kxf4 Ke6 31. hxg4 hxg4 32. Bd3 Rh2 33. Be4 Rxf2 34. Bxb7 Rc2 35. Be4 Rc3 36. Kg3 f5 37. Rd6+ Ke7 38. Bxf5 Nxc4 39. Re6+ Kf7 40. Bxg4 Nxa3 41. Ra6 Nc2 42. Rxa7+ Kf6 43. b5 Rxc5 44. b6 Rb5 45. b7 Nd4 46. Ra6+ Ke5 47. Ra5 1-0